000 00851nam a22003017a 4500
003 CHAP
005 20220329133938.0
008 971013s1966 r 00010 d
010 _a13036
011 _a14008
035 _a18081
040 _cCHAP
082 _a575.1
_bH45 1966
100 0 0 _aHeilbronn, Alfred.
_953339
245 _aPrincipia genética ...
250 _a2 ed.
260 _aHamburg :
_bVerlag Paul Parey,
_c1966
300 _a43 p.
590 _aBATCH-UPD
_b10
_c20130110
_lUCH01
_h1816
590 _aBATCH-UPD
_b10
_c20130410
_lUCH01
_h1150
590 _aBATCH-UPD
_b10
_c20130914
_lUCH01
_h1534
590 _aCONVERSION
_b10
_c20130109
_lUCH01
_h1308
650 1 4 _aGenética.
_947469
700 0 _aKosswig, Curt.
_963770
901 _aBK
942 _cLIBRO
949 _a575.1 H45 1966
_bBC
_cC
_d33724000517108
_eC
_h13215
_i18081
_si
999 _c13036
_d13036